Most Watched Movies of all Time - Statistics

General Stats
  • This quiz has been taken 69 times
  • The average score is 11 of 40
Answer Stats
Rank Director Released Movie % Correct
1 James Cameron 1997 Titanic
85%
2 Steven Spielberg 1982 E.T.
67%
11 Steven Spielberg 1993 Jurassic Park
67%
18 Steven Spielberg 1975 Jaws
58%
9 Francis Ford Coppola 1972 The Godfather
56%
20 Quentin Tarantino 1994 Pulp Fiction
47%
16 Christopher Nolan 2008 The Dark Knight
44%
26 Alfred Hitchcock 1960 Psycho
42%
33 Mel Gibson 1995 Braveheart
35%
23 Michael Bay 2007 Transformers
35%
38 Ridley Scott 2000 Gladiator
33%
15 Steven Spielberg 1993 Schindler's List
33%
39 Joss Whedon 2012 The Avengers
33%
3 Victor Fleming 1939 The Wizard of Oz
33%
21 Robert Zemeckis 1994 Forrest Gump
31%
14 Frank Darabont 1994 The Shawshank Redemption
31%
29 Victor Fleming 1939 Gone With the Wind
29%
32 Lana Wachowski & LIlly Wachowski 1999 The Matrix
29%
12 Steven Spielberg 1981 Raiders of the Lost Ark
25%
37 Michael Curtiz 1942 Casablanca
24%
25 Orson Welles 1941 Citizen Kane
24%
24 Robert Zemeckis 1985 Back to the Future
22%
30 Steven Spielberg 1998 Saving Private Ryan
20%
7 James Cameron 1991 Terminator 2
20%
36 Akira Kurosawa 1954 Seven Samurai
18%
19 David Fincher 1999 Fight Club
15%
34 Frank Capra 1946 It's a Wonderful Life
15%
4 George Lucas 1977 Star Wars Episode IV
15%
5 Peter Jackson 2003 The Lord of the Rings Return of the King
15%
28 William Wyler 1959 Ben-Hur
13%
35 Brian De Palma 1983 Scarface
13%
6 William Cottrell 1937 Snow White and the Seven Dwarfs
11%
8 Roger Allers & Rob Minkoff 1994 The Lion King
11%
27 Robert Wise 1965 The Sound of Music
11%
13 Chris Columbus 2001 Harry Potter and the Sorcerer's Stone
9%
40 Cecil B. DeMille 1956 The Ten Commandments
7%
31 Kátia Lund & Fernando Meirelles 2002 City of God
5%
17 Gore Verbinski 2003 Pirates of the Caribbean: The Curse of the Black Pearl
4%
22 Andrew Adamson 2001 Shrek
2%
10 John Krish & Peter Sykes 1979 The Jesus Film
2%
No matching quizzes found
Score Distribution
Percent of People with Each Score
Percentile by Number Answered
Your Score History
You have not taken this quiz